<?xml version="1.0" encoding="UTF-8"?>
<record
    xmlns:xsi="http://www.w3.org/2001/XMLSchema-instance"
    xsi:schemaLocation="http://www.loc.gov/MARC21/slim http://www.loc.gov/standards/marcxml/schema/MARC21slim.xsd"
    xmlns="http://www.loc.gov/MARC21/slim">

  <leader>02450nam a22002177a 4500</leader>
  <controlfield tag="003">DO-CoUTE</controlfield>
  <controlfield tag="005">20260526180532.0</controlfield>
  <controlfield tag="008">260526b        dr ||||| |||| 00| 0 spa d</controlfield>
  <datafield tag="040" ind1=" " ind2=" ">
    <subfield code="a">DO-CoUTE</subfield>
    <subfield code="b">spa</subfield>
    <subfield code="c">DO-CoUTE</subfield>
  </datafield>
  <datafield tag="082" ind1=" " ind2=" ">
    <subfield code="a">RD 190.082 M539m  </subfield>
  </datafield>
  <datafield tag="100" ind1="1" ind2=" ">
    <subfield code="a">Mendoza, Joseph </subfield>
    <subfield code="e">Autor </subfield>
  </datafield>
  <datafield tag="245" ind1="1" ind2="0">
    <subfield code="a">Mujeres Filosofas y Sabiduria para el buen Vivir / </subfield>
    <subfield code="c">Joseph Mendoza </subfield>
  </datafield>
  <datafield tag="260" ind1=" " ind2=" ">
    <subfield code="a">Santo Domingo, Rep&#xFA;blica Dominicana ; </subfield>
    <subfield code="c">2024</subfield>
  </datafield>
  <datafield tag="300" ind1=" " ind2=" ">
    <subfield code="a">547 Paginas : </subfield>
    <subfield code="c">23cm, </subfield>
  </datafield>
  <datafield tag="504" ind1=" " ind2=" ">
    <subfield code="a">Incluye referencia bibliogr&#xE1;fica e &#xED;ndice.</subfield>
  </datafield>
  <datafield tag="505" ind1=" " ind2=" ">
    <subfield code="a">Cap&#xED;tulo I: Mujeres fil&#xF3;sofas de la antig&#xFC;edad -- Cap&#xED;tulo II: Sobre filosof&#xED;a y varias tem&#xE1;ticas -- Cap&#xED;tulo III: Filosof&#xED;a, est&#xE1;tica y danza -- Cap&#xED;tulo IV: Funci&#xF3;n terap&#xE9;utica de la filosof&#xED;a y &#xE9;tica m&#xE9;dica -- Cap&#xED;tulo V: &#xC9;tica de la enfermer&#xED;a, fundamento cuidar y curar -- Cap&#xED;tulo VI: Lectura e interpretaci&#xF3;n filos&#xF3;fica -- Cap&#xED;tulo VII: Vida, sabidur&#xED;a, lo tr&#xE1;gico y saber elegir -- Cap&#xED;tulo VIII: El cuerpo, la muerte y la conciencia -- Cap&#xED;tulo IX: Raz&#xF3;n, felicidad y contemplaci&#xF3;n -- Cap&#xED;tulo X: La mujer en la sombra de la identidad perdida -- Cap&#xED;tulo XI: Feminismo, sexualidad y Libertad de ser -- Cap&#xED;tulo XII: Amor, matrimonio, memoria y olvido -- Cap&#xED;tulo XIII: tristeza, dolor, vejez y melancol&#xED;a -- Cap&#xED;tulo XIV: Educaci&#xF3;n, conocimiento, ciencia y tecnolog&#xED;a -- Cap&#xED;tulo XV: Internet, ciberseguridad, redes y dudas cibern&#xE9;tica -- Cap&#xED;tulo XVI: Lenguaje, imaginaci&#xF3;n y empat&#xED;a -- Cap&#xED;tulo XVII: Amistad, convivencia y justicia -- Cap&#xED;tulo XVIII: Pensadores notables en el lenguaje de las fil&#xF3;sofas -- Cap&#xED;tulo XIX: Poes&#xED;a, pensamientos y palabras -- Cap&#xED;tulo XX: El ser en s&#xED; y la significaci&#xF3;n del otro -- Cap&#xED;tulo XXI: Cerebro, moralidad, memoria y neuro&#xE9;tica -- Cap&#xED;tulo XXII: Soledad y soledad -- Cap&#xED;tulo XXIII: Metaf&#xED;sica, discurso y di&#xE1;logo filos&#xF3;fico -- Cap&#xED;tulo XXIV: Periodismo, humanismo, diario y comunicaci&#xF3;n no verbal -- Cap&#xED;tulo XXV: Confianza, desconfianza, club de los desayunos filos&#xF3;ficos, ver y no ver -- Cap&#xED;tulo XVI: Dos mujeres filos&#xF3;ficas: entre el silencio y el olvido.</subfield>
  </datafield>
  <datafield tag="520" ind1=" " ind2=" ">
    <subfield code="a">Esta obra reflexiona sobre el pensamiento filos&#xF3;fico de mujeres a lo largo de la historia y su v&#xED;nculo con la &#xE9;tica del buen vivir. Una invitaci&#xF3;n al desarrollo personal desde una perspectiva de g&#xE9;nero y sabidur&#xED;a pr&#xE1;ctica.</subfield>
  </datafield>
  <datafield tag="650" ind1=" " ind2="4">
    <subfield code="a">Filosof&#xED;a </subfield>
  </datafield>
  <datafield tag="700" ind1="1" ind2=" ">
    <subfield code="a">Joseph Mendoza </subfield>
    <subfield code="e">Autor </subfield>
  </datafield>
  <datafield tag="942" ind1=" " ind2=" ">
    <subfield code="2">ddc</subfield>
    <subfield code="c">BK</subfield>
  </datafield>
  <datafield tag="999" ind1=" " ind2=" ">
    <subfield code="c">24241</subfield>
    <subfield code="d">24241</subfield>
  </datafield>
  <datafield tag="952" ind1=" " ind2=" ">
    <subfield code="0">0</subfield>
    <subfield code="1">0</subfield>
    <subfield code="2">ddc</subfield>
    <subfield code="4">0</subfield>
    <subfield code="7">0</subfield>
    <subfield code="8">RD</subfield>
    <subfield code="a">BU</subfield>
    <subfield code="b">BU</subfield>
    <subfield code="c">GEN</subfield>
    <subfield code="d">2026-05-26</subfield>
    <subfield code="i">023757</subfield>
    <subfield code="l">0</subfield>
    <subfield code="o">RD 190.082 M539m  </subfield>
    <subfield code="p">023757</subfield>
    <subfield code="r">2026-05-26 18:05:59</subfield>
    <subfield code="t">Ej.1</subfield>
    <subfield code="w">2026-05-26</subfield>
    <subfield code="y">BK</subfield>
  </datafield>
</record>
